| 000 | 01467nam a2200325Ia 4500 | ||
|---|---|---|---|
| 005 | 20220317001112.0 | ||
| 008 | 160825s2008 mx a g 000 0 spa | ||
| 020 | _a97896818538012 | ||
| 082 | 0 | 4 |
_a577.0724 _bV15e |
| 100 | 1 | _aVanCleave, Janice Pratt | |
| 245 | 1 | 0 |
_aEcología para niños y jóvenes _bactividades superdivertidas para el aprendizaje de la ciencia _cJanice VanCleave ; ilustrado por Laurel Aiello ; colaboración en la traducción Ana Luisa Weckmann González |
| 250 | _a1a. edición | ||
| 300 |
_a226 páginas _bilustraciones en blanco y negro _c21 cm |
||
| 490 | _aBiblioteca científica para niños y jóvenes | ||
| 500 | _aIncluye glosario e índice analítico | ||
| 505 | _aDe que trata la ecología -- Cómo viven las plantas y cómo se influyen entre sí -- Determinación de las relaciones entre animales de la misma especie -- Aprendiendo sobre las interacciones entre algunas especies relacionadas | ||
| 650 | 1 | 4 |
_2LEMB _aEcología _xEnseñanza |
| 650 | 1 | 4 |
_2LEMB _aMedio ambiente |
| 650 | 1 | 4 |
_2LEMB _aEcosistemas |
| 650 | 1 | 4 |
_2LEMB _aExperimentación científica |
| 650 | 1 | 4 |
_2LEMB _aCadenas de alimentación |
| 700 | 1 |
_aAiello, Laurel _966123 |
|
| 700 | 1 |
_aWeckmann González, Ana Luisa _966124 |
|
| 942 |
_2ddc _cBK |
||
| 264 |
_aMéxico _bLimusa _c2008 |
||
| 336 |
_atexto _btxt _2rdacontent |
||
| 337 |
_asin mediación _bn _2rdamedia |
||
| 338 |
_avolumen _bnc _2rdacarrier |
||
| 040 |
_aCO-BoRNBP _bspa _erda _cCO-BoRNBP |
||
| 999 |
_c5932 _d5932 |
||